The study of language in 17th-century England (Record no. 240886)
[ view plain ]
| 000 -LEADER | |
|---|---|
| fixed length control field | 01590nam a2200361 a 4500 |
| 082 04 - DEWEY DECIMAL CLASSIFICATION NUMBER | |
| Classification number | 410/.941 |
| 100 1# - MAIN ENTRY--AUTHOR NAME | |
| Personal name | Salmon, Vivian. |
| 245 14 - TITLE STATEMENT | |
| Title | The study of language in 17th-century England |
| 250 ## - EDITION STATEMENT | |
| Edition statement | 2nd ed. |
| 260 ## - PUBLICATION, DISTRIBUTION, ETC. (IMPRINT) | |
| Place of publication | Amsterdam ; |
| -- | Philadelphia : |
| Name of publisher | John Benjamins Pub. Co., |
| Year of publication | 1988. |
| 300 ## - PHYSICAL DESCRIPTION | |
| Number of Pages | xix, 220 p. : |
| Other physical details | ill. |
| 490 1# - SERIES STATEMENT | |
| Series statement | Amsterdam studies in the theory and history of linguistic science. Series III, Studies in the history of the language sciences, |
| 650 #0 - SUBJECT ADDED ENTRY--TOPICAL TERM | |
| Topical Term | Linguistics |
| 856 40 - ELECTRONIC LOCATION AND ACCESS | |
| Uniform Resource Identifier | http://site.ebrary.com/lib/rucke/Doc?id=10463009 |
No items available.
